| 000 | 00549nam a2200205 4500 | ||
|---|---|---|---|
| 001 | 132249 | ||
| 003 | ES-MaACL | ||
| 005 | 20230906194133.0 | ||
| 007 | t| | ||
| 008 | 070214s1978 sp r ||||1| spa d | ||
| 100 | 1 |
_aRomero, Emilio. _999320 |
|
| 245 | 1 | 3 |
_aEl discreto impertinente / _cEmilio Romero. |
| 250 | _a1ยช ed. | ||
| 260 |
_aBarcelona : _bPlaneta, _c1978. |
||
| 300 |
_a315 p. : _bil. ; _c18 cm. |
||
| 490 | 1 |
_aTextos ; _v35 |
|
| 830 | 0 |
_aTextos ; _v35 _9179017 |
|
| 852 |
_aES-MaACL _jL-6621 _bR.107125 |
||
| 999 |
_c132249 _d132249 |
||